000 01444nam a22003017a 4500
999 _c46173
_d46173
001 19812
003 CO-MdFUSB
005 20170809092256.0
008 170809b xxu||||| |||| 00| 0 eng d
040 _aCO-MdFUSB
_bspa
_cCO-MdFUSB
_dCO-MdFUSBC
_erda
041 _aeng
082 0 4 _aG 221.95 G67w
100 1 _aGordon, Cyrus H.
_eautor
245 4 _aThe world of the Old Testament
_c / Cyrus H. Gordon
250 _aSegunda edición revisada de Introduction to Old Testament times
264 4 _aLondon :
_bPhoenix House,
_c©1958
300 _a312 páginas
336 _2rdacontent
_a1
_ba1
337 _2rdamedia
_a2
_b5
338 _2rdacarrier
_a2
_b5
500 _aIncluye índice (p. 304-312)
501 _aPasta dura
505 0 0 _aProlegómenos - En el principio - Egipto a la edad de Amarna - Mesopotamia hasta la edad de Amarna - La edad de Amarna - Ugarit - Homer y el oriente antiguo - La edad patriarcal - Israel y la edad Ramesside - Desde el tribalismo hasta la nacionalidad - Israel unido bajo la casa de David - Los reinos divididos hasta la purga de Jehu - Descubrimientos en Karatepe - Desde el imperio más grande de Israel hasta la caída de Samaria - Solo Judá - Exilio y restauración - La aprobación de la antigüedad del Cercano Oriente - La creación del Antiguo Testamento
650 7 _aJudíos
_9270
_xHistoria
653 _aBiblia A.T. - Historia
653 _aCercano Oriente - Historia
942 _cBK